| 000 | 01222nam a22002657a 4500 | ||
|---|---|---|---|
| 001 | 8871 | ||
| 003 | FISKH | ||
| 005 | 20251024105819.0 | ||
| 008 | 251024b cb ||||| |||| 00| 0 eng d | ||
| 020 | _a9780769633770 | ||
| 040 |
_aFISKH _beng _cFISKH _dFISKH |
||
| 050 | _aTL233.15 .S75 | ||
| 082 | _a629.225 | ||
| 100 |
_aStickland, Paul _eAuthor |
||
| 245 |
_aTractors : _bBy air, sea and land / _cPaul Stickland |
||
| 260 |
_aOhio : _bWaterbird Books , _c1988 |
||
| 300 |
_a23 unnumbered pages : _bcolor illustrations ; _c21 cm |
||
| 505 | _aC | ||
| 520 | _aPerfect for children who are fascinated by vehicles! Children who are interested in all kinds of vehicles will enjoy the Working Wheels series. The Working Wheels titles detail a variety of "on-the-job" vehicles, such as ambulances, moving vans, tractors, and construction trucks. A simple definition and colorful illustration introduce each vehicle, followed by explanations of unique features and uses. The Working Wheels series is perfect for enjoying at home and for enhancing concepts learned | ||
| 521 | 8 |
_a150
_bLexile estimate |
|
| 521 | 8 |
_aC
_bRaz-Plus |
|
| 650 |
_aChildren's book _vTractors |
||
| 942 |
_2ddc _cBK _n0 |
||
| 999 |
_c8871 _d8871 |
||